000 00490cam a2200181 4500
001 D8749
008 090401t1985 xxu||||| |||| 00| 0 eng d
035 _a(Sirsi) u14947
041 _aeng
050 _a692.5
100 _aSkitmore, R.M.
245 4 _aThe influence of professional expertise in construction price forecasts
260 _aSalford
_bUniversity of Salford Department of Civi
_c1985
300 _avi. 240p. ill. 30cm
350 _a25
942 _n0
948 _c04/03/1997
999 _c87230
_d87230